000
00215nam a2200109Ia 4500
100
_a
#N/A
942
_c
BK
245
_a
HIBERNATE 3 for beginners by Shah & Shah
260
_b
#N/A
546
_a
ENGLISH
999
_c
33472
_d
33472